000 00772nam a2200289Ia 4500
005 20260324113748.0
008 008 260324s9999 xx 000 0 eng d
020 _a9781003333517
037 _aEBOOK
040 _aCRL
040 _beng
040 _cCRL
041 _2eng
041 _aeng
084 _qCRL
100 _aJunaid Ahmad Malik; Megh R. Goyal; Mohamed Jaffer M. Sadiq
_91148071
245 0 _aSustainable Nanomaterials for Biosystems Engineering
245 0 _bTrends in Renewable Energy, Environment, and Agriculture
260 _bTaylor and Francis
260 _c2023
365 _a
365 _b305
856 _uhttp://www.taylorfrancis.com/books/9781003333517
942 _cEBOOK
999 _c1737891
_d1737891